Brúsne prstence MR-SAITEX, MN-SAITEX.

Uložené v:
Podrobná bibliografia
Médium: Kniha
Jazyk:Slovak
Vydané: 2007.
Vydanie:1. vyd.
Témy:
On-line prístup:http://www.abrasiv.sk
Fyzický popis: 1 l.
Tagy: Pridať tag
Žiadne tagy, Buďte prvý kto otaguje tento záznam!

MARC

LEADER 00000nam#a22000003a#4500
001 000336321
003 SVKKK
005 20080129102540.0
008 080128s2007 xo |||| 0 slo#d
040 |a SVK  |b slo  |c SVK  |e AACR2 
041 0 # |a slo 
044 |a xo  |c SK 
080 |a 621.922.024  |2 2001 
110 2 |a ABRASIV-DRONCO Slovakia, s. r. o.  |c Priemyselná 1, 917 01 Trnava  |4 mfr 
245 1 0 |a Brúsne prstence MR-SAITEX, MN-SAITEX. 
250 |a 1. vyd. 
260 # |c 2007. 
300 |a 1 l. 
655 7 |a firemné prospekty  |2 SNKPH 
856 4 1 |u http://www.abrasiv.sk 
910 |a svkkk 
998 |a FL 
090 |g SCKHL  |k SK42  |a 621.922.024  |j 216035  |i I10130  |4 zastaraná  |s Vyradená